000 00914nam a22002177a 4500
999 _c8195
_d8195
003 AR-CdUCM
008 190322b ||||| |||| 00| 0 spa d
040 _aMUNICIPALIDAD PROVINCIAL DEL CUSCO
_cBIBLIOTECA MUNICIPAL DEL CUSCO
082 _a346.43 /
_bV77
100 _aVivanco Kjuro, Wilber
_923106
245 _aManual de saneamiento de predios rústicos /
260 _aCusco :
_bMundo Grapfh,
_c2011.
300 _a275 páginas ;
_c23 cm.
505 _aContenido: Derecho de propiedad -- Derecho de posesión -- Predios rústicos -- Saneamiento de predios rústicos -- Saneamiento de predios con título de propiedad -- Saneamiento de predios sin título de propiedad -- Saneamiento de terrenos comunales ...
650 _aTenencia de la tierra
_98228
650 _aTítulos de propiedad
_923107
650 _aRegistro de la propiedad
_97270
650 _aPerú
_935
942 _2ddc
_cLIBROS
945 _aachl